[Event "XXXI Torre Memorial 2019"]
[Site "Merida"]
[Date "2019.12.16"]
[Round "5.5"]
[White "Vera Gonzalez-Quevedo, Reynaldo"]
[Black "Almeida Quintana, Omar"]
[Result "0-1"]
[WhiteElo "2436"]
[BlackElo "2554"]
[Annotator "ChessBase"]
[PlyCount "68"]
[EventDate "2019.12.13"]
[EventType "swiss"]
[EventCountry "MEX"]
[SourceTitle "playchess.com"]
[Source "ChessBase"]
[SourceQuality "1"]
[TimeControl "5400+30"]

1. d4 {[%emt 0:00:00]} d6 {[%emt 0:00:00]} 2. Nf3 {[%emt 0:00:00]} g6 {[%emt 0:00:00]} 3. c4 {[%emt 0:00:00]} Bg7 {[%emt 0:00:00]} 4. e4 {[%emt 0:00:00]} Bg4 {[%emt 0:03:41]} 5. Be2 {[%emt 0:00:19]} Nc6 {[%emt 0:00:25]} 6. Nbd2 {[%emt 0:00:42]} e5 {[%emt 0:02:00]} 7. d5 {[%emt 0:01:08]} Nce7 {[%emt 0:03:34]} 8. O-O {[%emt 0:01:14]} Nf6 {[%emt 0:01:25]} 9. b4 {[%emt 0:10:16]} O-O {[%emt 0:02:56]} 10. Ba3 {[%emt 0:00:54]} c6 {[%emt 0:07:52]} 11. dxc6 {[%emt 0:14:11]} bxc6 {[%emt 0:00:18]} 12. Rc1 {[%emt 0:02:05]} Bh6 {[%emt 0:01:34]} 13. Rc3 {[%emt 0:05:39]} d5 {[%emt 0:15:45]} 14. exd5 {[%emt 0:27:17]} cxd5 {[%emt 0:00:36]} 15. b5 {[%emt 0:01:06]} Re8 {[%emt 0:04:30]} 16. Nxe5 {[%emt 0:15:56]} Bxe2 {[%emt 0:01:22]} 17. Qxe2 {[%emt 0:00:02]} Nf5 {[%emt 0:00:39]} 18. Ndf3 {[%emt 0:02:25]} Nd7 {[%emt 0:18:08]} 19. Rd3 {[%emt 0:03:56]} d4 {[%emt 0:00:55]} 20. g4 {[%emt 0:08:52]} Nh4 {[%emt 0:02:09]} 21. Nxh4 {[%emt 0:01:39]} Nxe5 {[%emt 0:02:45]} 22. Rh3 {[%emt 0:01:16]} d3 {[%emt 0:01:23]} 23. Qd1 {[%emt 0:00:01]} d2 {[%emt 0:03:39]} 24. Nf3 {[%emt 0:02:10]} Nxf3+ {[%emt 0:00:37]} 25. Rxf3 {[%emt 0:00:45]} Qd4 {[%emt 0:00:15]} 26. Rh3 {[%emt 0:00:28]} Bg5 {[%emt 0:01:17]} 27. Kg2 {[%emt 0:00:38]} Rad8 {[%emt 0:00:18]} 28. Rb3 {[%emt 0:00:27]} Qxc4 {[%emt 0:01:01]} 29. Bb4 {[%emt 0:00:31]} Qxb5 {[%emt 0:03:19]} 30. h4 {[%emt 0:00:21]} Bxh4 {[%emt 0:02:07]} 31. Kh3 {[%emt 0:00:40]} Qxf1+ {[%emt 0:00:39]} 32. Qxf1 {[%emt 0:00:03]} d1=Q {[%emt 0:00:09]} 33. Qxd1 {[%emt 0:00:10]} Rxd1 {[%emt 0:00:07]} 34. Kxh4 {[%emt 0:00:06]} Rb8 {[%emt 0:00:11]} 0-1

[Event "XXXI Torre Memorial 2019"]
[Site "Merida"]
[Date "2019.12.16"]
[Round "5.6"]
[White "Berdayes Ason, Dylan Isidro"]
[Black "Ortiz Suarez, Isan Reynaldo"]
[Result "1/2-1/2"]
[WhiteElo "2448"]
[BlackElo "2549"]
[Annotator "ChessBase"]
[PlyCount "97"]
[EventDate "2019.12.13"]
[EventType "swiss"]
[EventCountry "MEX"]
[SourceTitle "playchess.com"]
[Source "ChessBase"]
[SourceQuality "1"]
[TimeControl "5400+30"]

1. e4 {[%emt 0:00:00]} c5 {[%emt 0:00:00]} 2. Nf3 {[%emt 0:00:00]} d6 {[%emt 0:00:00]} 3. Bb5+ {[%emt 0:00:00]} Nd7 {[%emt 0:00:00]} 4. O-O {[%emt 0:00:00]} a6 {[%emt 0:00:06]} 5. Bd3 {[%emt 0:00:00]} Ngf6 {[%emt 0:00:17]} 6. Re1 {[%emt 0:00:03]} e6 {[%emt 0:00:40]} 7. c3 {[%emt 0:00:03]} b5 {[%emt 0:01:03]} 8. Bc2 {[%emt 0:00:02]} Bb7 {[%emt 0:00:15]} 9. d4 {[%emt 0:01:15]} Be7 {[%emt 0:00:22]} 10. Nbd2 {[%emt 0:01:20]} Qc7 {[%emt 0:00:07]} 11. Nf1 {[%emt 0:04:05]} O-O {[%emt 0:00:37]} 12. Ng3 {[%emt 0:01:37]} Rfc8 {[%emt 0:00:59]} 13. Bd3 {[%emt 0:03:06]} Bf8 {[%emt 0:01:11]} 14. Qe2 {[%emt 0:08:59]} c4 {[%emt 0:05:21]} 15. Bc2 {[%emt 0:00:11]} e5 {[%emt 0:00:07]} 16. d5 {[%emt 0:01:06]} g6 {[%emt 0:00:34]} 17. h3 {[%emt 0:04:53]} Bg7 {[%emt 0:02:05]} 18. Nh2 {[%emt 0:01:26]} a5 {[%emt 0:02:47]} 19. Ng4 {[%emt 0:02:23]} Nxg4 {[%emt 0:01:48]} 20. Qxg4 {[%emt 0:01:35]} Nc5 {[%emt 0:03:42]} 21. Bd2 {[%emt 0:04:53]} Rab8 {[%emt 0:04:12]} 22. Qh4 {[%emt 0:01:26]} Rf8 {[%emt 0:05:27]} 23. Rab1 {[%emt 0:07:05]} Ba6 {[%emt 0:03:21]} 24. a3 {[%emt 0:05:58]} Rb7 {[%emt 0:00:52]} 25. Re3 {[%emt 0:01:31]} Qd8 {[%emt 0:03:08]} 26. Qxd8 {[%emt 0:03:19]} Rxd8 {[%emt 0:00:06]} 27. Ree1 {[%emt 0:00:57]} h5 {[%emt 0:02:41]} 28. Ne2 {[%emt 0:04:29]} Kh7 {[%emt 0:00:37]} 29. g4 {[%emt 0:00:49]} hxg4 {[%emt 0:08:31]} 30. hxg4 {[%emt 0:00:01]} Bh6 {[%emt 0:21:30]} 31. g5 {[%emt 0:00:10]} Bg7 {[%emt 0:00:28]} 32. Kg2 {[%emt 0:00:29]} Rh8 {[%emt 0:02:31]} 33. Rh1+ {[%emt 0:04:09]} Kg8 {[%emt 0:00:02]} 34. Rxh8+ {[%emt 0:00:08]} Bxh8 {[%emt 0:00:05]} 35. Ng1 {[%emt 0:03:15]} Bg7 {[%emt 0:00:45]} 36. Nf3 {[%emt 0:00:35]} Bf8 {[%emt 0:00:55]} 37. Nh2 {[%emt 0:00:28]} Nd7 {[%emt 0:05:21]} 38. Rh1 {[%emt 0:09:43]} Bg7 {[%emt 0:00:22]} 39. Ng4 {[%emt 0:00:26]} Rb8 {[%emt 0:01:59]} 40. Kg3 {[%emt 0:01:54]} Bc8 {[%emt 0:03:49]} 41. f3 {[%emt 0:02:41]} Rb7 {[%emt 0:07:00]} 42. Bd1 {[%emt 0:02:16]} Kf8 {[%emt 0:02:52]} 43. Be2 {[%emt 0:00:28]} f5 {[%emt 0:04:46]} 44. gxf6 {[%emt 0:00:16]} Nxf6 {[%emt 0:00:03]} 45. Nxf6 {[%emt 0:01:39]} Bxf6 {[%emt 0:00:03]} 46. Bf1 {[%emt 0:01:46]} Kg7 {[%emt 0:02:20]} 47. Bh3 Bxh3 48. Rxh3 Bd8 {[%emt 0:01:00]} 49. a4 {[%emt 0:09:25]} 1/2-1/2

[Event "XXXI Torre Memorial 2019"]
[Site "Merida"]
[Date "2019.12.16"]
[Round "5.7"]
[White "Alvarez Pedraza, Aramis"]
[Black "Macieja, Bartlomiej"]
[Result "1/2-1/2"]
[WhiteElo "2429"]
[BlackElo "2513"]
[Annotator "ChessBase"]
[PlyCount "58"]
[EventDate "2019.12.13"]
[EventType "swiss"]
[EventCountry "MEX"]
[SourceTitle "playchess.com"]
[Source "ChessBase"]
[SourceQuality "1"]
[TimeControl "5400+30"]

1. d4 {[%emt 0:00:00]} Nf6 {[%emt 0:03:30]} 2. c4 {[%emt 0:00:28]} e6 {[%emt 0:00:09]} 3. Nc3 {[%emt 0:00:06]} Bb4 {[%emt 0:00:04]} 4. Nf3 {[%emt 0:00:05]} b6 {[%emt 0:00:07]} 5. Qc2 {[%emt 0:00:06]} Bb7 {[%emt 0:00:06]} 6. a3 {[%emt 0:00:05]} Bxc3+ {[%emt 0:00:03]} 7. Qxc3 {[%emt 0:00:06]} O-O {[%emt 0:00:15]} 8. e3 {[%emt 0:00:14]} a5 {[%emt 0:07:56]} 9. b3 {[%emt 0:01:27]} d6 {[%emt 0:00:04]} 10. Bb2 {[%emt 0:00:19]} Nbd7 {[%emt 0:00:36]} 11. Be2 {[%emt 0:00:23]} Ne4 {[%emt 0:00:36]} 12. Qc2 {[%emt 0:02:02]} f5 {[%emt 0:00:37]} 13. d5 {[%emt 0:11:29]} exd5 {[%emt 0:11:32]} 14. Nd4 {[%emt 0:08:01]} Qe7 {[%emt 0:21:18]} 15. cxd5 {[%emt 0:11:38]} Bxd5 {[%emt 0:01:14]} 16. Bc4 {[%emt 0:07:34]} Bxc4 {[%emt 0:17:15]} 17. Qxc4+ {[%emt 0:00:26]} Qf7 {[%emt 0:00:01]} 18. Ne6 {[%emt 0:10:40]} b5 {[%emt 0:04:00]} 19. Qd4 {[%emt 0:02:24]} Ndc5 {[%emt 0:00:55]} 20. Nxf8 {[%emt 0:01:13]} Nxb3 {[%emt 0:00:27]} 21. Qd3 {[%emt 0:05:54]} Nxa1 {[%emt 0:00:12]} 22. Bxa1 {[%emt 0:00:13]} Rxf8 {[%emt 0:03:06]} 23. Qxb5 {[%emt 0:05:20]} f4 {[%emt 0:00:02]} 24. exf4 {[%emt 0:00:42]} Qxf4 {[%emt 0:00:04]} 25. O-O {[%emt 0:01:59]} Qf5 {[%emt 0:12:04]} 26. Qc6 {[%emt 0:04:23]} Rf7 {[%emt 0:10:41]} 27. Qe8+ {[%emt 0:00:50]} Rf8 {[%emt 0:00:01]} 28. Qc6 {[%emt 0:00:05]} Rf7 {[%emt 0:03:27]} 29. Qe8+ {[%emt 0:01:05]} Rf8 {[%emt 0:00:01]} 1/2-1/2

[Event "XXXI Torre Memorial 2019"]
[Site "Merida"]
[Date "2019.12.16"]
[Round "5.8"]
[White "Obregon Rivero, Juan Carlos"]
[Black "Fernandez Cardoso, Alexey"]
[Result "0-1"]
[WhiteElo "2513"]
[BlackElo "2441"]
[Annotator "ChessBase"]
[PlyCount "144"]
[EventDate "2019.12.13"]
[EventType "swiss"]
[EventCountry "MEX"]
[SourceTitle "playchess.com"]
[Source "ChessBase"]
[SourceQuality "1"]
[TimeControl "5400+30"]

1. d4 {[%emt 0:03:00]} Nf6 {[%emt 0:00:00]} 2. Nf3 {[%emt 0:00:08]} g6 {[%emt 0:00:00]} 3. c4 {[%emt 0:00:16]} Bg7 {[%emt 0:00:00]} 4. g3 {[%emt 0:00:10]} O-O {[%emt 0:00:06]} 5. Nc3 {[%emt 0:00:08]} d6 {[%emt 0:00:10]} 6. Bg2 {[%emt 0:00:06]} Nbd7 {[%emt 0:00:45]} 7. O-O {[%emt 0:00:10]} e5 {[%emt 0:00:04]} 8. Qc2 {[%emt 0:00:12]} c6 {[%emt 0:00:42]} 9. Rd1 {[%emt 0:00:15]} Re8 {[%emt 0:00:43]} 10. dxe5 {[%emt 0:02:04]} dxe5 {[%emt 0:00:06]} 11. Ng5 {[%emt 0:00:25]} Qe7 {[%emt 0:04:05]} 12. Nge4 {[%emt 0:01:21]} Nc5 {[%emt 0:05:01]} 13. Nxc5 {[%emt 0:25:08]} Qxc5 {[%emt 0:00:08]} 14. Na4 {[%emt 0:00:08]} Qe7 {[%emt 0:01:44]} 15. Be3 {[%emt 0:00:18]} Bf5 {[%emt 0:06:35]} 16. Qb3 {[%emt 0:00:46]} Qc7 {[%emt 0:00:46]} 17. Bc5 {[%emt 0:04:35]} Qc8 {[%emt 0:05:06]} 18. Nc3 {[%emt 0:06:51]} h5 {[%emt 0:04:45]} 19. Qa3 {[%emt 0:11:06]} e4 {[%emt 0:08:24]} 20. Bd4 {[%emt 0:07:19]} Bf8 {[%emt 0:04:46]} 21. b4 {[%emt 0:02:09]} Nh7 {[%emt 0:05:37]} 22. c5 {[%emt 0:01:09]} h4 {[%emt 0:06:37]} 23. Qc1 {[%emt 0:02:31]} Qe6 {[%emt 0:03:31]} 24. f3 {[%emt 0:06:46]} exf3 {[%emt 0:08:38]} 25. exf3 {[%emt 0:00:13]} h3 {[%emt 0:00:21]} 26. Bf1 {[%emt 0:00:40]} Rad8 {[%emt 0:00:33]} 27. Ne2 {[%emt 0:00:58]} Qe7 {[%emt 0:02:57]} 28. Qc3 {[%emt 0:03:01]} Ng5 {[%emt 0:02:50]} 29. Kf2 {[%emt 0:00:04]} Qc7 {[%emt 0:02:11]} 30. Bf6 {[%emt 0:02:10]} Rxd1 {[%emt 0:00:07]} 31. Rxd1 {[%emt 0:00:11]} Nh7 {[%emt 0:00:09]} 32. Bd4 {[%emt 0:00:40]} Bh6 {[%emt 0:00:28]} 33. f4 {[%emt 0:04:36]} Qd7 {[%emt 0:04:43]} 34. Qb3 {[%emt 0:00:32]} Be6 {[%emt 0:01:17]} 35. Be5 {[%emt 0:00:19]} Bd5 {[%emt 0:00:48]} 36. Qc3 {[%emt 0:01:36]} Qf5 {[%emt 0:01:35]} 37. Nd4 {[%emt 0:01:49]} Qe4 {[%emt 0:01:03]} 38. Nf3 {[%emt 0:00:37]} a5 {[%emt 0:05:01]} 39. bxa5 {[%emt 0:02:11]} Qa4 {[%emt 0:00:45]} 40. Rd2 {[%emt 0:02:44]} Ra8 {[%emt 0:03:45]} 41. Bxh3 {[%emt 0:02:33]} Qxa5 {[%emt 0:00:24]} 42. Qxa5 {[%emt 0:00:41]} Rxa5 {[%emt 0:00:06]} 43. Bc8 {[%emt 0:01:04]} Rxc5 {[%emt 0:02:11]} 44. Bxb7 {[%emt 0:00:24]} Nf8 {[%emt 0:00:25]} 45. a3 {[%emt 0:01:50]} Bxf3 {[%emt 0:00:44]} 46. Bd4 {[%emt 0:01:47]} Rb5 {[%emt 0:00:45]} 47. Rb2 {[%emt 0:00:16]} Rxb2+ {[%emt 0:00:44]} 48. Bxb2 {[%emt 0:00:02]} Bd5 {[%emt 0:01:08]} 49. a4 Ne6 {[%emt 0:00:14]} 50. a5 {[%emt 0:00:13]} Bf8 {[%emt 0:00:43]} 51. a6 {[%emt 0:02:08]} Bc5+ {[%emt 0:00:23]} 52. Ke1 {[%emt 0:00:12]} Ba7 {[%emt 0:01:21]} 53. Kf1 {[%emt 0:02:16]} Nd4 {[%emt 0:01:14]} 54. h3 {[%emt 0:01:56]} Kf8 {[%emt 0:00:51]} 55. g4 {[%emt 0:00:15]} Ke7 {[%emt 0:00:50]} 56. Kf2 {[%emt 0:00:55]} Kd7 {[%emt 0:00:43]} 57. h4 {[%emt 0:00:07]} Nf5+ {[%emt 0:00:33]} 58. Ke2 {[%emt 0:00:48]} Nxh4 {[%emt 0:00:08]} 59. Bf6 {[%emt 0:00:05]} Nf3 {[%emt 0:00:21]} 60. Kd3 {[%emt 0:00:10]} Bc5 {[%emt 0:02:11]} 61. g5 {[%emt 0:01:38]} Kc7 {[%emt 0:00:45]} 62. Bc3 {[%emt 0:00:12]} Ba7 {[%emt 0:01:33]} 63. Ba5+ {[%emt 0:00:28]} Kd7 {[%emt 0:01:46]} 64. Bc3 {[%emt 0:00:23]} Nh4 {[%emt 0:00:47]} 65. Be5 {[%emt 0:00:24]} Nf5 {[%emt 0:00:18]} 66. Kc3 {[%emt 0:00:45]} Nd6 {[%emt 0:00:15]} 67. Kd3 {[%emt 0:00:31]} Bc4+ {[%emt 0:00:25]} 68. Kc3 {[%emt 0:00:39]} Bf1 {[%emt 0:00:14]} 69. Kb4 {[%emt 0:01:41]} Nb5 {[%emt 0:01:33]} 70. Ka5 {[%emt 0:00:34]} Nc7 {[%emt 0:00:24]} 71. Bc3 {[%emt 0:00:40]} Nd5 {[%emt 0:00:39]} 72. Bd2 {[%emt 0:00:16]} Be2 0-1

[Event "XXXI Torre Memorial 2019"]
[Site "Merida"]
[Date "2019.12.16"]
[Round "5.9"]
[White "Elias Reyes, Jorge Roberto"]
[Black "Espinosa Veloz, Ermes"]
[Result "1/2-1/2"]
[WhiteElo "2379"]
[BlackElo "2489"]
[Annotator "ChessBase"]
[PlyCount "72"]
[EventDate "2019.12.13"]
[EventType "swiss"]
[EventCountry "MEX"]
[SourceTitle "playchess.com"]
[Source "ChessBase"]
[SourceQuality "1"]
[TimeControl "5400+30"]

1. e4 {[%emt 0:00:00]} c5 {[%emt 0:00:14]} 2. Nf3 {[%emt 0:00:00]} d6 {[%emt 0:00:05]} 3. d4 {[%emt 0:00:00]} cxd4 {[%emt 0:00:07]} 4. Nxd4 {[%emt 0:00:01]} Nf6 {[%emt 0:00:09]} 5. Nc3 {[%emt 0:00:03]} Nc6 {[%emt 0:00:06]} 6. Bc4 {[%emt 0:00:02]} e6 {[%emt 0:00:26]} 7. Be3 {[%emt 0:00:22]} a6 {[%emt 0:00:22]} 8. Bb3 {[%emt 0:03:28]} Qc7 {[%emt 0:03:18]} 9. O-O {[%emt 0:00:10]} Na5 {[%emt 0:10:52]} 10. f4 {[%emt 0:02:23]} b5 {[%emt 0:06:26]} 11. f5 {[%emt 0:11:35]} Nxb3 {[%emt 0:16:35]} 12. axb3 {[%emt 0:04:06]} b4 {[%emt 0:00:07]} 13. Ncb5 {[%emt 0:33:38]} Qb7 {[%emt 0:01:08]} 14. fxe6 {[%emt 0:04:24]} fxe6 {[%emt 0:02:10]} 15. Nxe6 {[%emt 0:11:35]} Bxe6 {[%emt 0:00:09]} 16. Nxd6+ {[%emt 0:04:53]} Bxd6 {[%emt 0:00:03]} 17. Qxd6 {[%emt 0:00:02]} Kf7 {[%emt 0:14:30]} 18. e5 {[%emt 0:00:42]} Rhd8 {[%emt 0:00:06]} 19. Qb6 {[%emt 0:00:54]} Qxb6 {[%emt 0:00:16]} 20. Bxb6 {[%emt 0:00:02]} Rd2 {[%emt 0:00:08]} 21. exf6 {[%emt 0:00:47]} gxf6 {[%emt 0:00:08]} 22. c4 {[%emt 0:08:34]} bxc3 {[%emt 0:09:44]} 23. bxc3 {[%emt 0:00:01]} Bd5 {[%emt 0:00:09]} 24. Bf2 {[%emt 0:05:12]} f5 {[%emt 0:09:04]} 25. c4 {[%emt 0:01:31]} Be4 {[%emt 0:00:06]} 26. Rfd1 {[%emt 0:00:33]} Rad8 {[%emt 0:01:22]} 27. Rxd2 {[%emt 0:00:25]} Rxd2 {[%emt 0:00:02]} 28. h3 {[%emt 0:01:52]} Rb2 {[%emt 0:10:01]} 29. Rxa6 {[%emt 0:00:12]} Rb1+ {[%emt 0:00:31]} 30. Kh2 {[%emt 0:00:04]} Rb2 {[%emt 0:00:14]} 31. Kg1 {[%emt 0:03:45]} Rb1+ {[%emt 0:00:07]} 32. Kh2 {[%emt 0:00:03]} Rb2 {[%emt 0:00:05]} 33. Ra7+ {[%emt 0:00:28]} Ke6 {[%emt 0:00:55]} 34. Kg1 {[%emt 0:00:45]} Rb1+ {[%emt 0:00:14]} 35. Kh2 {[%emt 0:00:06]} Rb2 {[%emt 0:00:05]} 36. Kg1 {[%emt 0:00:58]} Rb1+ {Ra1} 1/2-1/2

[Event "XXXI Torre Memorial 2019"]
[Site "Merida"]
[Date "2019.12.16"]
[Round "5.10"]
[White "Hevia Alejano, Carlos Antonio"]
[Black "Lopez Gonzalez, Abel Fabian"]
[Result "1/2-1/2"]
[WhiteElo "2465"]
[BlackElo "2379"]
[Annotator "ChessBase"]
[PlyCount "65"]
[EventDate "2019.12.13"]
[EventType "swiss"]
[EventCountry "MEX"]
[SourceTitle "playchess.com"]
[Source "ChessBase"]
[SourceQuality "1"]
[TimeControl "5400+30"]

1. Nf3 {[%emt 0:00:00]} d5 {[%emt 0:00:00]} 2. b3 {[%emt 0:00:02]} Bg4 {[%emt 0:00:07]} 3. e3 {[%emt 0:01:22]} e5 {[%emt 0:03:16]} 4. h3 {[%emt 0:03:17]} Bxf3 {[%emt 0:00:12]} 5. Qxf3 {[%emt 0:00:02]} Nf6 {[%emt 0:04:47]} 6. Bb2 {[%emt 0:01:47]} Nbd7 {[%emt 0:10:25]} 7. c4 {[%emt 0:11:45]} e4 {[%emt 0:06:18]} 8. Qd1 {[%emt 0:00:04]} dxc4 {[%emt 0:02:14]} 9. Bxc4 {[%emt 0:00:03]} Bd6 {[%emt 0:01:00]} 10. Nc3 {[%emt 0:03:37]} c6 {[%emt 0:11:37]} 11. Be2 {[%emt 0:12:45]} Qe7 {[%emt 0:04:53]} 12. Qc2 {[%emt 0:03:10]} Rd8 {[%emt 0:03:07]} 13. Rd1 {[%emt 0:02:49]} Nc5 {[%emt 0:03:53]} 14. b4 {[%emt 0:01:31]} Nd3+ {[%emt 0:01:44]} 15. Bxd3 exd3 {[%emt 0:00:03]} 16. Qxd3 {[%emt 0:00:33]} Bxb4 {[%emt 0:00:02]} 17. Qc2 {[%emt 0:00:56]} O-O {[%emt 0:04:19]} 18. O-O {[%emt 0:00:09]} Rd7 {[%emt 0:00:18]} 19. Ne2 {[%emt 0:02:13]} Ne4 {[%emt 0:07:05]} 20. d3 {[%emt 0:31:29]} Qc5 {[%emt 0:01:35]} 21. Qb3 {[%emt 0:08:18]} Nd2 {[%emt 0:03:59]} 22. Rxd2 {[%emt 0:00:01]} Bxd2 {[%emt 0:00:08]} 23. Ba3 {[%emt 0:00:10]} Qd5 {[%emt 0:07:17]} 24. Bxf8 {[%emt 0:00:57]} Qxb3 {[%emt 0:00:01]} 25. axb3 {[%emt 0:00:02]} Kxf8 {[%emt 0:00:09]} 26. d4 {[%emt 0:00:00]} Bb4 {[%emt 0:06:12]} 27. Nf4 {[%emt 0:00:42]} Ke7 {[%emt 0:00:37]} 28. Nd3 {[%emt 0:00:30]} Bd6 {[%emt 0:00:30]} 29. Ra1 {[%emt 0:00:32]} b6 {[%emt 0:04:08]} 30. Rc1 {[%emt 0:00:05]} Rc7 {[%emt 0:00:05]} 31. e4 {[%emt 0:00:08]} Kd7 {[%emt 0:00:06]} 32. f4 {[%emt 0:00:28]} a5 {[%emt 0:01:55]} 33. Kf2 {[%emt 0:08:32]} 1/2-1/2

[Event "XXXI Torre Memorial 2019"]
[Site "Merida"]
[Date "2019.12.16"]
[Round "5.11"]
[White "Kevlishvili, Robby"]
[Black "Vitier Vazquez, Cristian"]
[Result "1-0"]
[WhiteElo "2457"]
[BlackElo "2405"]
[Annotator "ChessBase"]
[PlyCount "89"]
[EventDate "2019.12.13"]
[EventType "swiss"]
[EventCountry "MEX"]
[SourceTitle "playchess.com"]
[Source "ChessBase"]
[SourceQuality "1"]
[TimeControl "5400+30"]

1. e4 {[%emt 0:03:21]} e6 {[%emt 0:02:16]} 2. d4 {[%emt 0:00:07]} d5 {[%emt 0:00:13]} 3. Nd2 {[%emt 0:00:04]} Be7 {[%emt 0:00:28]} 4. Ngf3 {[%emt 0:00:14]} Nf6 {[%emt 0:00:13]} 5. e5 {[%emt 0:00:15]} Nfd7 {[%emt 0:00:08]} 6. Bd3 {[%emt 0:00:13]} c5 {[%emt 0:00:08]} 7. c3 {[%emt 0:00:06]} Nc6 {[%emt 0:00:05]} 8. O-O {[%emt 0:00:44]} g5 {[%emt 0:00:06]} 9. b4 {[%emt 0:02:44]} cxb4 {[%emt 0:00:52]} 10. cxb4 {[%emt 0:00:21]} Nxb4 {[%emt 0:00:07]} 11. Be2 {[%emt 0:01:04]} g4 {[%emt 0:06:03]} 12. Ne1 {[%emt 0:00:16]} h5 {[%emt 0:00:05]} 13. Nb3 {[%emt 0:01:40]} Nb6 {[%emt 0:01:39]} 14. f3 {[%emt 0:02:20]} g3 {[%emt 0:00:09]} 15. hxg3 {[%emt 0:01:12]} Na4 {[%emt 0:15:37]} 16. Bd2 {[%emt 0:10:59]} Bd7 {[%emt 0:02:31]} 17. a3 {[%emt 0:08:33]} Nc6 {[%emt 0:01:17]} 18. Rb1 {[%emt 0:00:09]} a6 {[%emt 0:24:00]} 19. f4 {[%emt 0:04:36]} b5 {[%emt 0:02:16]} 20. Bxh5 {[%emt 0:02:33]} Bxa3 {[%emt 0:01:36]} 21. g4 {[%emt 0:03:55]} Qe7 {[%emt 0:13:47]} 22. Nf3 {[%emt 0:01:12]} O-O-O {[%emt 0:05:07]} 23. Be1 {[%emt 0:02:31]} Rdg8 {[%emt 0:02:05]} 24. Bh4 {[%emt 0:03:47]} Qf8 {[%emt 0:00:09]} 25. Qc2 {[%emt 0:01:39]} Kb8 {[%emt 0:02:08]} 26. Na5 {[%emt 0:02:25]} Nxa5 {[%emt 0:05:38]} 27. Qxa4 {[%emt 0:00:04]} Nc4 {[%emt 0:00:10]} 28. Qxa6 {[%emt 0:00:21]} b4 {[%emt 0:01:53]} 29. Rb3 {[%emt 0:01:59]} Qc8 {[%emt 0:01:30]} 30. Rxa3 {[%emt 0:00:31]} Nxa3 {[%emt 0:00:07]} 31. Qd6+ {[%emt 0:00:03]} Qc7 {[%emt 0:00:41]} 32. Qxb4+ {[%emt 0:00:07]} Nb5 {[%emt 0:00:03]} 33. Bf6 {[%emt 0:00:23]} Qc4 {[%emt 0:06:33]} 34. Qxc4 {[%emt 0:07:41]} dxc4 {[%emt 0:00:06]} 35. Bxf7 {[%emt 0:01:33]} Rf8 {[%emt 0:00:34]} 36. Bxh8 {[%emt 0:00:27]} Rxf7 {[%emt 0:00:02]} 37. Bf6 {[%emt 0:00:34]} Bc6 {[%emt 0:00:55]} 38. f5 {[%emt 0:02:58]} exf5 {[%emt 0:01:08]} 39. gxf5 {[%emt 0:00:34]} c3 {[%emt 0:00:05]} 40. Rc1 {[%emt 0:01:42]} Ra7 {[%emt 0:03:29]} 41. e6 {[%emt 0:00:54]} Ra2 {[%emt 0:00:37]} 42. Be5+ {[%emt 0:00:36]} Kb7 {[%emt 0:01:32]} 43. f6 {[%emt 0:00:20]} Bd5 {[%emt 0:00:07]} 44. f7 {[%emt 0:00:09]} Ra8 {[%emt 0:00:13]} 45. Bg7 {[%emt 0:00:13]} 1-0